| 000 | 00628nam a22001817a 4500 | ||
|---|---|---|---|
| 005 | 20250716152019.0 | ||
| 008 | 250716b |||||||| |||| 00| 0 eng d | ||
| 020 | _a978-184590906-2 | ||
| 050 | _aLB2805 .W47 2015 | ||
| 100 | _aWEST-BURNHAM, JOHN | ||
| 245 | _aLEADERSHIP DIALOGUES: CONVERSATIONS AND ACTIVITIES FOR LEADERSHIP TEAMS | ||
| 260 |
_a BANCYFELIN, CARMARTHEN, WALES, _bCROWN HOUSE PUBLISHING LIMITED, _c2015 |
||
| 300 | _a170P.:ILL | ||
| 500 | _aINCLUDES BIBLIOGRAPHICAL REFERENCES | ||
| 650 | _a 1. EDUCATIONAL LEADERSHIP 2. SCHOOL MANAGEMENT AND ORGANIZATION | ||
| 700 | _aHARRIS, DAVID | ||
| 942 |
_2ddc _cBK |
||
| 999 |
_c215901 _d215901 |
||